| Tag |
First Indicator |
Second Indicator |
Subfields |
| LEADER |
00000cam a2200000 4500 |
| 001 |
in00000022946 |
| 005 |
20151007064216.0 |
| 008 |
750701s1951 wau 00010 eng u |
| 010 |
|
|
|a 51003858
|
| 035 |
|
|
|a (OCoLC)01422334
|
| 035 |
|
|
|9 AAD9311AM
|
| 040 |
|
|
|c COO
|d OCL
|d TXA
|d UtOrBLW
|
| 049 |
|
|
|a TXAM
|c [198089]
|
| 050 |
0 |
0 |
|a PQ1477.G8
|b A37
|
| 082 |
0 |
|
|a 841.11
|
| 092 |
|
|
|a 841
|b G957s
|
| 130 |
0 |
|
|a Guillaume (Chanson de geste)
|
| 245 |
1 |
4 |
|a The song of William (La chancun de Guillelme) /
|c Translated into verse by Edward Noble Stone.
|
| 264 |
|
1 |
|a Seattle :
|b University of Washington Press,
|c 1951.
|
| 300 |
|
|
|a xvii, 109 pages ;
|c 21 cm.
|
| 336 |
|
|
|a text
|b txt
|2 rdacontent
|
| 337 |
|
|
|a unmediated
|b n
|2 rdamedia
|
| 338 |
|
|
|a volume
|b nc
|2 rdacarrier
|
| 500 |
|
|
|a "The song of Rainoart (in part)": pages [77]-99.
|
| 700 |
1 |
|
|a Stone, Edward Noble,
|d 1870-
|
| 730 |
0 |
|
|a Rainouart (Chanson de geste)
|
| 740 |
4 |
|
|a The song of Rainoart.
|
| 999 |
|
|
|a MARS
|
| 999 |
f |
f |
|s 5f1449d9-f49d-33c6-8536-40e823332daf
|i 6db21468-8142-368d-82b5-fceb1d1fd7fd
|t 0
|
| 952 |
f |
f |
|p ric
|a Texas A&M University
|b Rellis Campus
|c Joint Library Facility
|d Remote Storage
|t 0
|e PQ1477.G8 A37
|h Library of Congress classification
|i unmediated -- volume
|m A14801362973
|
| 998 |
f |
f |
|a PQ1477.G8 A37
|t 0
|l Remote Storage
|